000 00424nam a2200205Ia 4500
001 14138
003 GE_BSU
008 181216s||||||||xx |||||||||||||| ||und||
020 _a033028035x
040 _cGE_BSU
080 _a821.111-511.6
100 _aFarrar-Hockley
245 4 _aThe Somme
260 _aLondon
260 _bPan books
260 _c1983
300 _a269p.19cm.
653 _aThe Somme
942 _cBK
999 _c47278
_d47278